Mujeres y acceso a protección internacional en América del Norte/
Sparad:
| Huvudupphovsman: | |
|---|---|
| Materialtyp: | Bok |
| Språk: | Spanish |
| Länkar: | texto completo desde el sitio de la revista |
| Taggar: |
Lägg till en tagg
Inga taggar, Lägg till första taggen!
|
MARC
| LEADER | 00000nam a22000007a 4500 | ||
|---|---|---|---|
| 003 | cru CIDCACS/IIS | ||
| 005 | 20200205153102.0 | ||
| 007 | ta | ||
| 008 | 200205s2019 ag |||p|r||||||0| ||spa d | ||
| 999 | |c 42926 |d 42926 | ||
| 040 | |c cru CIDCACS/IIS | ||
| 100 | 1 | |9 9045 |a Díaz Prieto, Gabriela | |
| 245 | 1 | |a Mujeres y acceso a protección internacional en América del Norte/ |c Gabriela Díaz Prieto | |
| 300 | |a páginas 94-104 | ||
| 773 | 0 | |0 19022 |9 4422 |a Fundación Friedrich Ebert |d Fundación Friedrich Ebert; Nueva Sociedad Buenos Aires, Argentina |o agregar |t Nueva Sociedad / | |
| 856 | |u https://www.nuso.org/media/articles/downloads/7.TC_Diaz_Prieto_284.pdf |y texto completo desde el sitio de la revista | ||
| 942 | |2 ddc |c PP | ||
